01342na a2200265 450000100060000000300080000600500170001400800410003104100080007208200230008010000230010324502550012624600850038124601130046626000720057930000190065144000380067065000440070865000420075265000380079470000210083274000850085374001130093804000250105124331MIRAKIL20181226104237.0180917b tu 000 0  atur a341.481bG64g 2010 aGoldstone, Richard aGoldstone raporubFilistin ve işgal altındaki diğer Arap bölgelerinde insan hakları sorunubGazze çatışmasıyla ilgili Birleşmiş milletler insan hakları konseyi araştırma komisyonu raporucRichard Goldstone; Çev. M. Malik Yavuz aFilistin ve işgal altındaki diğer Arap bölgelerinde insan hakları sorunu aGazze çatışmasıyla ilgili Birleşmiş milletler insan hakları konseyi araştırma komisyonu raporu aİstanbulbFilistin platformu yayınlarıc2010fpelikan matbaası a575 s.c28 sm. aFilistin platformu yayınlarıv1 aİnsan hakları ve uluslararası hukuk aİnsan hakları sorunlarıxFilistin aİnsan hakları ihlalixFilistin aYavuz, M. Malik  aFilistin ve işgal altındaki diğer Arap bölgelerinde insan hakları sorunu aGazze çatışmasıyla ilgili Birleşmiş milletler insan hakları konseyi araştırma komisyonu raporu aMilasbturcTR-AnCHP